الزيدية ومبادؤها /
Saved in:
| Main Author: | |
|---|---|
| Other Authors: | |
| Format: | Thesis |
| Language: | Arabic |
| Published: |
al-Qahirah :
Jami'at al-Azhar,
1979.
|
| Subjects: | |
| Tags: |
Add Tag
No Tags, Be the first to tag this record!
|
| LEADER | 011640000a22002650004500 | ||
|---|---|---|---|
| 008 | 101001s1979 ua f00 0000 00ara d | ||
| 040 | |a UIAM |b eng | ||
| 041 | |a ara | ||
| 050 | |a BP195.Z2 | ||
| 100 | 1 | |a خولي، محمد ابراهيم أحمد | |
| 242 | 1 | 3 | |a al-Zaydiyah wa-mabadi'uha. |
| 245 | 1 | 2 | |a الزيدية ومبادؤها / |c اعداد محمد ابراهيم أحمد الخولي |
| 260 | |a al-Qahirah : |b Jami'at al-Azhar, |c 1979. | ||
| 300 | |a 225 leaves ; |c 30 cm. | ||
| 500 | |a "رسالة لنيل درجة الماجستير في اصول الدين "On t.p. | ||
| 502 | |a Thesis (M.A.)--Jami'at al-Azhar, 1979 | ||
| 504 | |a Includes bibliographical references (leaves 211-218). | ||
| 596 | |a 1 | ||
| 655 | |a Theses, Facsimile edition (Islamic) | ||
| 700 | |a Khuli, Muhammad Ibrahim Ahmad | ||
| 710 | |a Jami'at al-Azhar. |b Kulliyat Usul al-Din | ||
| 710 | |a جامعة الأزهر. |b كلية أصول الدين | ||
| 900 | |a sz-ami | ||
| 999 | |c 432594 |d 463213 | ||
| 952 | |0 0 |6 TI BP 000195 Z000002 K000045Z 001979 |7 0 |8 THESES |9 753293 |a IIUM |b IIUM |c MULTIMEDIA |g 337.50 |o ti BP 195 Z2 K45Z 1979 |p 00011149138 |r 2017-10-23 |t 1 |v 337.50 |y THESIS | ||
